Dwyane Wade quiz - Statistics

General Stats
  • This quiz has been taken 530 times
  • The average score is 8 of 10
Answer Stats
Hint Answer % Correct
what teams did Dwyane Wade play for Miami Heat
99%
Who is Dwyane Wade's best friend Lebron James
98%
along with what all stars Lebron James
98%
when was Dwyane Wade drafted 2003
88%
Chicago Bulls
79%
Cleveland Cavaliers
74%
Chris Bosh
73%
what is Dwyane Wade jersey number 9
54%
what college Dwyane Wade go to Marquette University
52%
Carmelo Anthony
51%
No matching quizzes found
Score Distribution
Percent of People with Each Score
Percentile by Number Answered
Your Score History
You have not taken this quiz